000 00518nam a2200181Ia 4500
008 180921t2016 xxu||||| |||| 00| 0 sin d
041 _asin
080 _a8-31
_bOST
100 _aOstrovsky, Nikolai
245 _aකුණාටු‍වෙන් උපත ලද්දෝ
246 _aKunatuwen Upatha Laddo
260 _bAgahas Prakashana
_aRajagiriya
_c2016
300 _a374p, 22cm
700 _aRanjana Dewamitra Senasinghe
_etr.
942 _cBK
999 _c10932
_d10932
003 LK-CoDNM
040 _aLK-CoDNM
_dLK-CoDNM
_eLK-CoDNM